Giáo trình pháp luật về chủ thể kinh doanh
Trình bày những vấn đề lý luận về các mô hình tổ chức kinh doanh và giải quyết phá sản doanh nghiệp, hợp tác xã; phân tích pháp luật thực định về các loại hình tổ chức kinh doanh ở Việt Nam và giải quyết yêu cầu tuyên bố phá sản các d...
Salvato in:
| Autore principale: | |
|---|---|
| Altri autori: | , , , |
| Natura: | Libro |
| Lingua: | Vietnamese |
| Pubblicazione: |
H.
Hồng Đức ; Hội Luật gia Việt Nam
2015
|
| Soggetti: | |
| Tags: |
Aggiungi Tag
Nessun Tag, puoi essere il primo ad aggiungerne! !
|
| Thư viện lưu trữ: | Thư viện Trường Đại học Nam Cần Thơ |
|---|
| LEADER | 02835aam a22003618a 4500 | ||
|---|---|---|---|
| 001 | NCT_12888 | ||
| 008 | 130718s2013 ||||||viesd | ||
| 999 | |c 613 |d 613 | ||
| 020 | |c 75000 |a 9786048636760 | ||
| 082 | 0 | 4 | |2 23rd ed. |a 346.07 |b H103 |
| 100 | 1 | |a Bùi Xuân Hải |e Chủ biên | |
| 245 | 0 | 0 | |a Giáo trình pháp luật về chủ thể kinh doanh |c Bùi Xuân Hải (chủ biên) |
| 260 | |a H. |b Hồng Đức ; Hội Luật gia Việt Nam |c 2015 | ||
| 300 | |a 523tr. |c 21cm | ||
| 500 | |a ĐTTS ghi: Trường đại học Luật Tp. Hồ Chí Minh | ||
| 520 | 3 | |a Trình bày những vấn đề lý luận về các mô hình tổ chức kinh doanh và giải quyết phá sản doanh nghiệp, hợp tác xã; phân tích pháp luật thực định về các loại hình tổ chức kinh doanh ở Việt Nam và giải quyết yêu cầu tuyên bố phá sản các doanh nghiệp và hợp tác xã | |
| 653 | |a Luật học | ||
| 655 | 7 | |a Giáo trình | |
| 700 | 1 | |a Trần Hoàng Nga | |
| 700 | 1 | |a Nguyễn Thị Thanh Huyền | |
| 700 | 1 | |a Nguyễn Hoàng Thuỳ Trang | |
| 700 | 1 | |a Hà Thị Thanh Bình | |
| 942 | |2 ddc |c BK | ||
| 952 | |0 0 |1 0 |2 ddc |4 0 |6 346_070000000000000_H103 |7 0 |9 4456 |a 000001 |b 000001 |d 2017-11-27 |l 4 |m 1 |o 346.07 H103 |p MD.02787 |r 2021-01-26 |s 2021-01-11 |v 75000.00 |w 2017-11-27 |y BK | ||
| 952 | |0 0 |1 0 |2 ddc |4 0 |6 346_070000000000000_H103 |7 0 |9 4457 |a 000001 |b 000001 |d 2017-11-27 |l 5 |m 1 |o 346.07 H103 |p MD.02788 |r 2021-01-29 |s 2021-01-15 |v 75000.00 |w 2017-11-27 |y BK | ||
| 952 | |0 0 |1 0 |2 ddc |4 0 |6 346_070000000000000_H103 |7 0 |9 4458 |a 000001 |b 000001 |d 2017-11-27 |l 5 |o 346.07 H103 |p MD.02789 |r 2021-01-19 |s 2021-01-11 |v 75000.00 |w 2017-11-27 |y BK | ||
| 952 | |0 0 |1 0 |2 ddc |4 0 |6 346_070000000000000_H103 |7 0 |9 4459 |a 000001 |b 000001 |d 2017-11-27 |l 1 |o 346.07 H103 |p MD.02790 |r 2018-03-05 |s 2018-03-02 |v 75000.00 |w 2017-11-27 |y BK | ||
| 952 | |0 0 |1 0 |2 ddc |4 0 |6 346_070000000000000_H103 |7 0 |9 4460 |a 000001 |b 000001 |d 2017-11-27 |l 5 |o 346.07 H103 |p MD.02881 |r 2021-01-29 |s 2021-01-15 |v 75000.00 |w 2017-11-27 |y BK | ||
| 952 | |0 0 |1 0 |2 ddc |4 0 |6 346_070000000000000_H103 |7 0 |9 4461 |a 000001 |b 000001 |d 2017-11-27 |l 3 |o 346.07 H103 |p MD.02882 |r 2020-01-15 |s 2020-01-06 |v 75000.00 |w 2017-11-27 |y BK | ||
| 952 | |0 0 |1 0 |2 ddc |4 0 |6 346_070000000000000_H103 |7 0 |9 4462 |a 000001 |b 000001 |d 2017-11-27 |l 1 |o 346.07 H103 |p MD.02883 |r 2020-07-20 |s 2019-11-07 |v 75000.00 |w 2017-11-27 |y BK | ||
| 952 | |0 0 |1 0 |2 ddc |4 0 |6 346_070000000000000_H103 |7 0 |9 4463 |a 000001 |b 000001 |d 2017-11-27 |l 6 |o 346.07 H103 |p MD.02884 |r 2021-01-29 |s 2021-01-15 |v 75000.00 |w 2017-11-27 |y BK | ||
| 952 | |0 0 |1 0 |2 ddc |4 0 |6 346_070000000000000_H103 |7 0 |9 4464 |a 000001 |b 000001 |d 2017-11-27 |l 6 |o 346.07 H103 |p MD.02885 |r 2021-01-19 |s 2021-01-11 |v 75000.00 |w 2017-11-27 |y BK | ||
| 980 | |a Thư viện Trường Đại học Nam Cần Thơ | ||


